Graveurs généraux et particuliers des monnaies de France (Record no. 29378)

MARC details
000 -LEADER
campo de control de longitud fija 00856nam a2200193 i 4500
001 - NÚMERO DE CONTROL
campo de control 29378
003 - IDENTIFICADOR DE NÚMERO DE CONTROL
campo de control ES-MaACL
005 - FECHA Y HORA DE LA ÚLTIMA TRANSACCIÓN
campo de control 20250822235426.0
007 - CAMPO FIJO DE DESCRIPCIÓN FÍSICA--INFORMACIÓN GENERAL
campo de control de longitud fija t|
008 - DATOS DE LONGITUD FIJA--INFORMACIÓN GENERAL
campo de control de longitud fija 030121s1867 fr ||||1| fre d
100 1# - ENTRADA PRINCIPAL--NOMBRE DE PERSONA
Nombre de persona Barre, Albert.
9 (RLIN) 25870
245 10 - MENCIÓN DEL TÍTULO
Título Graveurs généraux et particuliers des monnaies de France
Resto del título : controleurs généraux des effigies : noms de quelques graveurs en médailles de la renaissance française /
Mención de responsabilidad, etc. par Albert Barre.
260 ## - PUBLICACIÓN, DISTRIBUCIÓN, ETC.
Lugar de publicación, distribución, etc. París :
Nombre del editor, distribuidor, etc. [s.n.],
Fecha de publicación, distribución, etc. 1867 (
Fabricante Imp. de A. Pillet)
300 ## - DESCRIPCIÓN FÍSICA
Extensión 35 p. :
Otras características físicas [1] lám. de grab. : retrato de J.-J. Barré ;
Dimensiones 29 cm.
500 ## - NOTA GENERAL
Nota general En port.: Extrait de l'"Annuaire de la Société française de numismatique et d'archéologie". 1866-1867.
650 07 - PUNTO DE ACCESO ADICIONAL DE MATERIA--TÉRMINO DE MATERIA
Término de materia o nombre geográfico como elemento de entrada Medallas antiguas
Fuente del encabezamiento o término embne
9 (RLIN) 136477
852 ## - LOCALIZACIÓN
Ubicación ES-MaACL
Número de control de estantería T-1088-F-14
Nota libre .- Firma manuscrita del autor
Holdings
Estatus retirado Estado de pérdida Estado de daño No para préstamo Colección Biblioteca de origen Biblioteca actual Ubicación en estantería Fecha de adquisición Fuente de adquisición Total de préstamos Signatura topográfica completa Código de barras Visto por última vez Precio de reemplazo Tipo de ítem Koha
        Colección de folletos Biblioteca del Ateneo de Madrid Biblioteca del Ateneo de Madrid Depósito folletos 17/01/2008     T-1088-F-14 1030329 23/02/2023 23/02/2023 Folleto